Tour de France 2025 Stage Top 3 - Statistiken

Allgemein
  • Dieses Quiz wurde 53 mal gespielt
    34 seit der letzten Aktualisierung
  • Das Durchschnittsergebnis liegt bei 47 aus 63
Antwortstatistiken
Hint Antwort % Korrekt
3rd Jonas Vingegaard
100%
3rd Jonas Vingegaard
100%
2nd Jonas Vingegaard
100%
2nd Jonas Vingegaard
100%
2nd Jonas Vingegaard
100%
3rd Jonas Vingegaard
100%
3rd Jonas Vingegaard
100%
2nd Jonas Vingegaard
100%
2nd Tadej Pogacar
100%
1st Tadej Pogacar
100%
2nd Tadej Pogacar
100%
1st Tadej Pogacar
100%
1st Tadej Pogacar
100%
1st Tadej Pogacar
100%
2nd Tadej Pogacar
100%
2nd Tadej Pogacar
100%
3rd Tadej Pogacar
100%
2nd Wout van Aert
97%
1st Wout van Aert
97%
1st Ben Healy
94%
3rd Ben Healy
94%
2nd Ben Healy
94%
2nd Jonathan Milan
94%
1st Jonathan Milan
94%
2nd Jonathan Milan
94%
1st Jonathan Milan
94%
1st Mathieu van der Poel
94%
2nd Mathieu van der Poel
94%
3rd Mathieu van der Poel
94%
2nd Thymen Arensman
94%
1st Thymen Arensman
94%
1st Thymen Arensman
94%
3rd Florian Lipowitz
90%
1st Tim Merlier
90%
1st Tim Merlier
90%
1st Jasper Philipsen
87%
3rd Kaden Groves
81%
1st Kaden Groves
81%
1st Remco Evenepoel
81%
1st Valentin Paret-Peintre
74%
2nd Biniam Girmay
71%
3rd Oscar Onley
71%
1st Simon Yates
71%
1st Ben O'Connor
68%
1st Jonas Abrahamsen
61%
3rd Primoz Roglic
61%
1st Tim Wellens
61%
3rd Phil Bauhaus
58%
2nd Victor Campenaerts
48%
3rd Julian Alaphilippe
45%
2nd Mauro Schmid
45%
3rd Santiago Buitrago
45%
2nd Frank van den Broek
35%
3rd Matej Mohoric
29%
3rd Michael Storer
26%
3rd Edoardo Affini
23%
2nd Quinn Simmons
23%
3rd Arnaud de Lie
19%
2nd Jordi Meeus
19%
3rd Soren Waerenskjold
19%
2nd Davide Ballerini
16%
3rd Tobias Lund Andresen
13%
3rd Pascal Eenkhoorn
0%
Keine übereinstimmenden Quizze gefunden
Verteilung der Resultate
Anzahl Personen mit jedem Resultat
Perzentil nach korrekt beantworteten Fragen
Ihre Resultats-Entwicklung
Sie haben dieses Quiz seit der letzten Aktualisierung nicht gespielt